000 00411nam a22001817a 4500
003 OSt
008 250423b |||||||| |||| 00| 0 eng d
020 _a9789357460422
082 _a629.8 MCR
100 _aMCMANUS,Sean
245 _aRaspberry PI for Dummies
250 _a4th Ed
260 _aNew Delhi
_bWiley
_c2023
300 _a488
650 _aRaspberry PI
700 _aMIKE,Cook
942 _2ddc
_cBK
999 _c13383
_d13383